[Event "Keres Memorial-A"]
[Site "Tallinn"]
[Date "2005.09.04"]
[Round "9"]
[White "Raud, Rainer"]
[Black "Seeman, Tarvo"]
[Result "1/2-1/2"]
[WhiteElo "2356"]
[BlackElo "2405"]
[PlyCount "72"]
[EventDate "2005.08.30"]
[EventType "tourn (rapid)"]
[EventRounds "9"]
[EventCountry "EST"]
[EventCategory "9"]
[SourceTitle "CBM 108 Extra"]
[Source "ChessBase"]
[SourceDate "2005.11.04"]
[SourceVersion "1"]
[SourceVersionDate "2005.11.04"]
[SourceQuality "1"]

1. e4 c5 2. Nf3 e6 3. d4 cxd4 4. Nxd4 Nc6 5. Nc3 d6 6. Be3 Nf6 7. f4 e5 8. Nf3 Ng4 9. Qd2 Nxe3 10. Qxe3 exf4 11. Qxf4 Be7 12. 0-0-0 0-0 13. Kb1 Be6 14. Nd5 Rc8 15. g4 Ne5 16. Nxe5 dxe5 17. Qxe5 Bd6 18. Qxd6 Qxd6 19. Nf6+ gxf6 20. Rxd6 Rc5 21. h3 Rfc8 22. Bd3 Kf8 23. Rd4 Ke7 24. Rb4 b6 25. a4 h5 26. gxh5 Rxh5 27. h4 Rch8 28. b3 Kd7 29. Rf1 R8h6 30. Rd4+ Kc7 31. Bc4 Rxh4 32. Bxe6 fxe6 33. Kb2 Rh1 34. Rf2 R1h2 35. Rf3 R2h3 36. Rf2 Rh2 1/2-1/2

[Event "Keres Memorial-A"]
[Site "Tallinn"]
[Date "2005.09.03"]
[Round "8"]
[White "Starostits, Ilmars"]
[Black "Raud, Rainer"]
[Result "1-0"]
[WhiteElo "2474"]
[BlackElo "2356"]
[PlyCount "83"]
[EventDate "2005.08.30"]
[EventType "tourn (rapid)"]
[EventRounds "9"]
[EventCountry "EST"]
[EventCategory "9"]
[SourceTitle "CBM 108 Extra"]
[Source "ChessBase"]
[SourceDate "2005.11.04"]
[SourceVersion "1"]
[SourceVersionDate "2005.11.04"]
[SourceQuality "1"]

1. e4 c5 2. Nc3 a6 3. a4 e6 4. g3 d5 5. d3 Nc6 6. Bg2 Nf6 7. Bg5 Be7 8. Nh3 d4 9. Nb1 Nd7 10. Bxe7 Qxe7 11. 0-0 0-0 12. Nd2 Rb8 13. a5 Rd8 14. f4 f6 15. g4 Nf8 16. Nc4 Bd7 17. Qd2 Ng6 18. Rae1 Be8 19. Qf2 Bf7 20. e5 fxe5 21. Bxc6 bxc6 22. fxe5 Nh4 23. Qg3 Bg6 24. Rf4 Rf8 25. Ref1 Rxf4 26. Qxf4 h6 27. b3 Qd8 28. Qg3 h5 29. Nf4 hxg4 30. Nxg6 Nxg6 31. Qxg4 Qe8 32. Rf3 Nh8 33. Rg3 Qe7 34. Nd6 Rf8 35. Ne4 Rf5 36. Nf6+ Rxf6 37. exf6 Qxf6 38. Qg5 Qf8 39. Qe5 Qe7 40. Qb8+ Qf8 41. Qxf8+ Kxf8 42. Rg5 1-0

[Event "EST-chT final"]
[Site "Estonia"]
[Date "2003.??.??"]
[Round "?"]
[White "Raud, Rainer"]
[Black "Sepp, Olav"]
[Result "1/2-1/2"]
[WhiteElo "2349"]
[BlackElo "2431"]
[PlyCount "94"]
[EventDate "2003.??.??"]
[EventType "team"]
[EventRounds "5"]
[EventCountry "EST"]
[SourceTitle "EXT 2007"]
[Source "ChessBase"]
[SourceDate "2006.11.23"]
[SourceVersion "1"]
[SourceVersionDate "2006.11.23"]
[SourceQuality "1"]

1. d4 Nf6 2. Nf3 g6 3. Bf4 Bg7 4. e3 d6 5. h3 Nbd7 6. Be2 0-0 7. 0-0 Qe8 8. c4 e5 9. Bh2 Ne4 10. Na3 Qe7 11. Qb3 a6 12. Rad1 Kh8 13. Nc2 f5 14. Qa3 c5 15. b4 b6 16. Nd2 Bb7 17. bxc5 bxc5 18. dxc5 dxc5 19. Nxe4 Bxe4 20. Ne1 Rfc8 21. Rd2 Bc6 22. Nd3 Qg5 23. Bg3 Rf8 24. h4 Qe7 25. Bd1 Nb6 26. Rc2 Be4 27. f3 Bxd3 28. Qxd3 Rad8 29. Qa3 f4 30. Bf2 fxe3 31. Qxe3 Rd4 32. Be2 e4 33. Rb1 Nd7 34. Rb7 Qe6 35. Qg5 exf3 36. Bxf3 Ne5 37. Re7 Nxf3+ 38. gxf3 Qh3 39. Qg2 Rd1+ 40. Re1 Rxe1+ 41. Bxe1 Bd4+ 42. Bf2 Qxf3 43. Qxf3 Rxf3 44. Bxd4+ cxd4 45. Rd2 d3 46. h5 Rf4 47. hxg6 hxg6 1/2-1/2

[Event "EST-chT"]
[Site "Tallinn"]
[Date "2002.04.06"]
[Round "8"]
[White "Raud, Rainer"]
[Black "Rychagov, Mikhail"]
[Result "0-1"]
[WhiteElo "2380"]
[BlackElo "2513"]
[PlyCount "113"]
[EventDate "2002.03.08"]
[EventType "team-tourn"]
[EventRounds "10"]
[EventCountry "EST"]
[SourceTitle "CBM 087 Extra"]
[Source "ChessBase"]
[SourceDate "2002.05.03"]
[SourceVersion "2"]
[SourceVersionDate "2002.08.09"]
[SourceQuality "1"]

1. d4 d5 2. Nf3 Nf6 3. c4 e6 4. e3 c5 5. Nc3 Nc6 6. a3 cxd4 7. Nxd4 Be7 8. cxd5 exd5 9. Be2 0-0 10. 0-0 Qb6 11. Bf3 Rd8 12. g3 Bh3 13. Re1 Rac8 14. Qc2 Ne5 15. Bh1 Bc5 16. Qe2 Bg4 17. f3 Bd7 18. Rd1 Re8 19. Qf2 a5 20. Bg2 a4 21. Bf1 Bf8 22. g4 h6 23. h3 Nc4 24. Bd3 g6 25. Bxc4 Rxc4 26. Nce2 Rcc8 27. Nf4 Bb5 28. Bd2 Bc4 29. Bc3 Bg7 30. Rd2 Re7 31. Bb4 Re5 32. Nd3 Bxd3 33. Rxd3 Qa6 34. Rad1 Ree8 35. Kg2 Nd7 36. Rc3 Ne5 37. Rxc8 Rxc8 38. Bc3 Nc4 39. Qe2 Re8 40. Rd3 Ne5 41. Rd2 Nc4 42. Rd3 Qb6 43. Qf2 Qc5 44. Bb4 Qc7 45. b3 axb3 46. Rxb3 Bxd4 47. exd4 Qf4 48. Rd3 Qc1 49. h4 Qb1 50. Rc3 Qd1 51. Kg3 Nd2 52. Bd6 Re2 53. Rc8+ Kg7 54. Be5+ f6 55. Rc7+ Kg8 56. Rc8+ Kf7 57. Rc7+ 0-1

[Event "EST-chT"]
[Site "Parnu/Tallinn"]
[Date "2001.04.06"]
[Round "?"]
[White "Krupenski, Juri"]
[Black "Raud, Rainer"]
[Result "0-1"]
[WhiteElo "2211"]
[BlackElo "2360"]
[PlyCount "62"]
[EventDate "2001.04.06"]
[EventType "team"]
[EventRounds "8"]
[EventCountry "EST"]
[SourceTitle "CBM 081 Extra"]
[Source "ChessBase"]
[SourceDate "2001.05.06"]
[SourceVersion "1"]
[SourceVersionDate "2001.05.06"]
[SourceQuality "1"]

1. d4 c5 2. d5 e5 3. e4 d6 4. Nc3 Be7 5. f4 Nd7 6. Nf3 exf4 7. Bxf4 Ngf6 8. Be2 0-0 9. 0-0 a6 10. a4 Re8 11. e5 dxe5 12. Nxe5 Nxe5 13. Bxe5 Nd7 14. Bg3 Bf6 15. d6 Bd4+ 16. Bf2 Qb6 17. Bxd4 cxd4 18. Nd5 Qxd6 19. Qxd4 Rxe2 20. Nf6+ Qxf6 21. Rxf6 Nxf6 22. Qd8+ Re8 23. Qb6 Bf5 24. Qxb7 Bxc2 25. b4 Be4 26. Qb6 Reb8 27. Qd6 Rd8 28. Qc7 Rdc8 29. Qd6 Rd8 30. Qe7 Rd2 31. Re1 Rc8 0-1

[Event "EST-chT Cup"]
[Site "Tallinn"]
[Date "2000.02.25"]
[Round "?"]
[White "Karner, Hillar"]
[Black "Raud, Rainer"]
[Result "0-1"]
[WhiteElo "2296"]
[BlackElo "2343"]
[PlyCount "70"]
[EventDate "2000.02.25"]
[EventType "team"]
[EventRounds "10"]
[EventCountry "EST"]
[SourceTitle "EXT 2001"]
[Source "ChessBase"]
[SourceDate "2000.11.22"]
[SourceVersion "1"]
[SourceVersionDate "2000.11.22"]
[SourceQuality "1"]

1. d4 c6 2. c4 Nf6 3. Nc3 d6 4. e4 Nbd7 5. Nf3 e5 6. Be2 Be7 7. 0-0 0-0 8. Qc2 Re8 9. d5 Nf8 10. Rd1 Qc7 11. Bd2 h6 12. Rac1 g5 13. b4 Ng6 14. g3 Kh8 15. dxc6 bxc6 16. b5 Rg8 17. bxc6 Qxc6 18. Nd5 Be6 19. Nxf6 Bxf6 20. Bb4 Rad8 21. Kh1 g4 22. Ng1 Bg5 23. Bd2 f5 24. Bxg5 hxg5 25. Bd3 Rd7 26. Ne2 Rh7 27. Nc3 Ne7 28. Nd5 Bxd5 29. exd5 Qd7 30. c5 Rg6 31. c6 Rgh6 32. Kg1 Rxh2 33. Kf1 Qc7 34. Rb1 Nxd5 35. Qc1 Rh1+ 0-1

[Event "EST-chT"]
[Site "Tallinn"]
[Date "1999.02.27"]
[Round "3"]
[White "Raud, Rainer"]
[Black "Remmel, Anto"]
[Result "1/2-1/2"]
[WhiteElo "2350"]
[BlackElo "2238"]
[PlyCount "43"]
[EventDate "1999.??.??"]
[EventType "team"]
[EventRounds "10"]
[EventCountry "EST"]
[SourceTitle "EXT 2000"]
[Source "ChessBase"]
[SourceDate "1999.11.16"]
[SourceVersion "1"]
[SourceVersionDate "1999.11.16"]
[SourceQuality "1"]

1. e4 e6 2. d3 d5 3. Nd2 c5 4. f4 Nc6 5. Ngf3 Bd6 6. g3 Nge7 7. Bg2 0-0 8. 0-0 b6 9. a3 a5 10. Re1 Ra7 11. Nf1 dxe4 12. dxe4 Ba6 13. e5 Bb8 14. Qxd8 Rxd8 15. Be3 Rad7 16. Bf2 Nf5 17. c3 a4 18. Re4 Bb5 19. g4 Nfe7 20. c4 Ba6 21. Rc1 Rd1 22. Re1 1/2-1/2

[Event "Keres Memorial op"]
[Site "Tallinn"]
[Date "1998.06.22"]
[Round "9"]
[White "Kulaots, Kaido"]
[Black "Raud, Rainer"]
[Result "1/2-1/2"]
[WhiteElo "2450"]
[BlackElo "2385"]
[PlyCount "95"]
[EventDate "1998.06.??"]
[EventType "swiss"]
[EventRounds "9"]
[EventCountry "EST"]
[SourceTitle "EXT 1999"]
[Source "ChessBase"]
[SourceDate "1998.11.16"]
[SourceVersion "1"]
[SourceVersionDate "1998.11.16"]
[SourceQuality "1"]

1. e4 d5 2. exd5 Nf6 3. d4 Nxd5 4. Nf3 g6 5. c4 Nb6 6. Nc3 Bg7 7. c5 Nd5 8. Bc4 c6 9. Qb3 0-0 10. 0-0 Nxc3 11. bxc3 b6 12. cxb6 axb6 13. Re1 Ba6 14. Bxa6 Rxa6 15. Bg5 Re8 16. Qb4 Bf8 17. a4 Qc8 18. Ne5 Nd7 19. Qc4 Nxe5 20. dxe5 b5 21. axb5 cxb5 22. Qxb5 Rc6 23. Rac1 Rd8 24. Qb3 h6 25. Bf4 Rc4 26. Bg3 e6 27. Rcd1 Rxd1 28. Qxd1 Rxc3 29. Qe2 h5 30. Bh4 Rc2 31. Qd3 Qc5 32. h3 Be7 33. Qxc2 Qxc2 34. Bxe7 Qd2 35. Re3 f5 36. exf6 Kf7 37. h4 e5 38. g3 Qc1+ 39. Kg2 Qc6+ 40. Kh2 Qc2 41. Kg2 e4 42. Kg1 Qc4 43. Kg2 Qd5 44. Kg1 Ke6 45. Kg2 Kf7 46. Kg1 Ke6 47. Kg2 Kf7 48. Kg1 1/2-1/2

[Event "Keres Memorial op"]
[Site "Tallinn"]
[Date "1998.06.21"]
[Round "8"]
[White "Raud, Rainer"]
[Black "Fomina, Tatyana"]
[Result "1-0"]
[WhiteElo "2385"]
[BlackElo "2240"]
[PlyCount "120"]
[EventDate "1998.06.??"]
[EventType "swiss"]
[EventRounds "9"]
[EventCountry "EST"]
[SourceTitle "EXT 1999"]
[Source "ChessBase"]
[SourceDate "1998.11.16"]
[SourceVersion "1"]
[SourceVersionDate "1998.11.16"]
[SourceQuality "1"]

1. g3 e5 2. Nf3 e4 3. Nd4 c5 4. Nb3 c4 5. Nd4 Nc6 6. c3 Qb6 7. Bg2 Nf6 8. 0-0 d5 9. Nxc6 bxc6 10. b3 cxb3 11. axb3 Bc5 12. b4 Bd6 13. d3 exd3 14. exd3 0-0 15. Be3 Qc7 16. Ra5 Bf5 17. Na3 Ng4 18. Bd4 Ne5 19. Bxe5 Bxe5 20. d4 Bd6 21. Nc4 Rfe8 22. Nxd6 Qxd6 23. Re1 Re7 24. Ra2 Rae8 25. Rae2 Kf8 26. Rxe7 Rxe7 27. Rxe7 Kxe7 28. Bf1 Kd8 29. h4 Kc7 30. Qa4 Kb8 31. b5 Bd7 32. bxc6 Qxc6 33. Qb4+ Kc7 34. Qa5+ Kb7 35. c4 Be6 36. c5 Bd7 37. Bg2 Qe6 38. Qd2 h6 39. Kh2 f6 40. Qc2 Bc6 41. Qg6 Qe7 42. Qf5 Qf7 43. Bh3 Qe8 44. h5 Kc7 45. Qg4 Qf8 46. Qe2 Qe8 47. Qa6 Kb8 48. Bg4 f5 49. Bf3 Qe6 50. Qa5 Qf6 51. Qd2 Qe6 52. Kg2 Kb7 53. Qa2 Kb8 54. Qa6 Qf6 55. Kf1 f4 56. g4 Qe6 57. Qa5 Qf6 58. Qd2 Kb7 59. Kg2 Kc7 60. Be2 Kb7 1-0

[Event "EST-chT"]
[Site "Tallinn"]
[Date "1998.??.??"]
[Round "2"]
[White "Raud, Rainer"]
[Black "Karai, Deniss"]
[Result "1/2-1/2"]
[WhiteElo "2385"]
[BlackElo "2070"]
[PlyCount "93"]
[EventDate "1998.??.??"]
[EventType "team"]
[EventRounds "10"]
[EventCountry "EST"]
[SourceTitle "EXT 1999"]
[Source "ChessBase"]
[SourceDate "1998.11.16"]
[SourceVersion "1"]
[SourceVersionDate "1998.11.16"]
[SourceQuality "1"]

1. g3 d5 2. Bg2 c5 3. d3 Nc6 4. Nf3 e6 5. 0-0 Bd6 6. c4 Nge7 7. Nc3 0-0 8. Bg5 f6 9. Bd2 a6 10. Rc1 Rb8 11. Ne1 Bc7 12. cxd5 exd5 13. e4 Be6 14. exd5 Nxd5 15. Nxd5 Bxd5 16. Rxc5 Bxg2 17. Qb3+ Kh8 18. Nxg2 Nd4 19. Qd1 Ne6 20. Rc2 Qxd3 21. Be3 Rfd8 22. Qxd3 Rxd3 23. Ne1 Rd5 24. Nf3 Rbd8 25. Rfc1 R8d7 26. Kf1 Kg8 27. b3 Kf7 28. Ke2 Ba5 29. Rc8 Bc7 30. Rc2 h6 31. h4 f5 32. Rc4 b5 33. Rc6 a5 34. Ra8 Nd8 35. Rca6 Ne6 36. R8a7 Ke7 37. Rc6 Bd8 38. Ra8 Rc7 39. Rxc7+ Bxc7 40. Bd2 b4 41. h5 Nc5 42. Rc8 Ne6 43. Bc1 Rc5 44. Kd1 Rd5+ 45. Ke2 Rc5 46. Kd1 Rd5+ 47. Ke2 1/2-1/2

[Event "EST-chT"]
[Site "Tallinn"]
[Date "1998.??.??"]
[Round "7"]
[White "Vasiliev, Igor"]
[Black "Raud, Rainer"]
[Result "1-0"]
[WhiteElo "2300"]
[BlackElo "2385"]
[PlyCount "137"]
[EventDate "1998.??.??"]
[EventType "team"]
[EventRounds "10"]
[EventCountry "EST"]
[SourceTitle "EXT 1999"]
[Source "ChessBase"]
[SourceDate "1998.11.16"]
[SourceVersion "1"]
[SourceVersionDate "1998.11.16"]
[SourceQuality "1"]

1. c4 Nf6 2. Nf3 d6 3. g3 c6 4. Bg2 Bg4 5. Nc3 e6 6. 0-0 Nbd7 7. d4 d5 8. Ne5 Nxe5 9. dxe5 Nd7 10. cxd5 exd5 11. h3 Be6 12. f4 f5 13. exf6 Bc5+ 14. Kh2 Nxf6 15. b3 h5 16. e3 Qe7 17. Ne2 Bf5 18. Nd4 Be4 19. Bb2 0-0-0 20. Rc1 Bb6 21. Re1 Bc7 22. Nf3 Kb8 23. Ne5 Bxg2 24. Kxg2 Bxe5 25. Bxe5+ Ka8 26. Bxf6 gxf6 27. Qd4 Rhe8 28. Kf2 Qe6 29. h4 Qf5 30. Rcd1 Re4 31. Qc3 Rde8 32. Rd4 Qh3 33. Rg1 Rxe3 34. Qxe3 Rxe3 35. Kxe3 Qh2 36. Rdd1 Qxa2 37. g4 Qxb3+ 38. Kd2 Qb4+ 39. Kc2 Qxf4 40. g5 fxg5 41. hxg5 Qe4+ 42. Kb2 Qg6 43. Rdf1 a5 44. Rf6 Qe4 45. Rff1 Qg6 46. Rf6 Qg7 47. Kb3 Ka7 48. Ka2 Ka6 49. Kb1 Kb5 50. g6 Qxf6 51. g7 Qf5+ 52. Ka1 Qe5+ 53. Kb1 Qe4+ 54. Ka2 Qc2+ 55. Ka1 Qc3+ 56. Kb1 Qxg7 57. Rxg7 b6 58. Rh7 d4 59. Rxh5+ c5 60. Rh6 a4 61. Rd6 Ka5 62. Rc6 d3 63. Kb2 Kb5 64. Rd6 c4 65. Kc3 a3 66. Rd8 a2 67. Ra8 d2 68. Kxd2 Kb4 69. Kc2 1-0

[Event "EST-chT"]
[Site "Tallinn"]
[Date "1998.??.??"]
[Round "6"]
[White "Vooremaa, Andres M"]
[Black "Raud, Rainer"]
[Result "1-0"]
[WhiteElo "2305"]
[BlackElo "2385"]
[PlyCount "120"]
[EventDate "1998.??.??"]
[EventType "team"]
[EventRounds "10"]
[EventCountry "EST"]
[SourceTitle "EXT 1999"]
[Source "ChessBase"]
[SourceDate "1998.11.16"]
[SourceVersion "1"]
[SourceVersionDate "1998.11.16"]
[SourceQuality "1"]

1. d4 Nf6 2. c4 d6 3. Nc3 e5 4. Nf3 Nc6 5. d5 Ne7 6. e4 g6 7. h3 Bg7 8. Be3 0-0 9. c5 Ne8 10. cxd6 cxd6 11. Nd2 f5 12. f3 f4 13. Bf2 Kh8 14. Qb3 Ng8 15. 0-0-0 Bf6 16. Kb1 Bh4 17. Bxh4 Qxh4 18. Bb5 Ng7 19. Qa3 Rd8 20. Bd3 Ne8 21. Nc4 a6 22. Nb6 Rb8 23. Rd2 Qe7 24. Rc1 Ngf6 25. Rdc2 Bd7 26. Qa5 Kg7 27. Nd1 g5 28. b3 Kg6 29. Nb2 h5 30. a4 g4 31. hxg4 hxg4 32. N2c4 g3 33. Qb4 Ng8 34. Ka2 Nh6 35. Ka3 Nf7 36. Na5 Kg5 37. Qe1 Kg6 38. b4 Ng5 39. b5 axb5 40. axb5 Qh7 41. Qb4 Nf7 42. Kb3 Qh2 43. Qa3 Qh8 44. Kb4 Kg5 45. Nac4 Qf6 46. Qa7 Bxb5 47. Kxb5 Nc7+ 48. Kb4 Na6+ 49. Kc3 Nc5 50. Qa5 Rh8 51. Qb5 Rh2 52. Nd7 Nxd7 53. Qxd7 b5 54. Na5 Ra8 55. Kb4 Qd8 56. Qf5+ Kh6 57. Rc7 Ng5 58. Bf1 Rh1 59. Qd7 Qxd7 60. Rxd7 Nxf3 1-0

[Event "EU-Cup 13th Group7"]
[Site "Krynica"]
[Date "1997.09.17"]
[Round "3"]
[White "Raud, Rainer"]
[Black "Jansa, Vlastimil"]
[Result "0-1"]
[WhiteElo "2395"]
[BlackElo "2480"]
[PlyCount "94"]
[EventDate "1997.09.15"]
[EventType "team-k.o."]
[EventRounds "3"]
[EventCountry "POL"]
[SourceTitle "EXT 2020"]
[Source "ChessBase"]
[SourceDate "2019.10.17"]
[SourceVersion "1"]
[SourceVersionDate "2019.10.17"]
[SourceQuality "1"]
[WhiteTeam "Tallinn Reval Sport"]
[BlackTeam "Praha Dukla"]
[WhiteTeamCountry "EST"]
[BlackTeamCountry "CZE"]

1. g3 g6 2. Bg2 Bg7 3. c4 e5 4. e4 d6 5. Ne2 Nc6 6. d3 h5 7. h3 Be6 8. Nbc3 Qd7 9. Rb1 f5 10. exf5 gxf5 11. Bg5 Nge7 12. Nd5 Bxd5 13. cxd5 Nd8 14. d4 Nf7 15. Be3 h4 16. Qb3 0-0 17. Qxb7 hxg3 18. fxg3 f4 19. gxf4 Nf5 20. Bf2 exd4 21. Be4 Rae8 22. Bd3 Ne3 23. Kd2 Ng5 24. Bxe3 dxe3+ 25. Kc2 Ne4 26. Qb5 Qe7 27. Qc4 Nd2 28. Qa4 Nxb1 29. Rxb1 Qf6 30. Qd7 Re7 31. Qg4 Rb8 32. b3 c6 33. dxc6 d5 34. Qg6 Qxg6 35. Bxg6 Rc8 36. Rg1 Rxc6+ 37. Kb1 Kf8 38. Bd3 d4 39. Kb2 Bf6 40. b4 Rg7 41. Rg4 Rgc7 42. Rg6 Kf7 43. Rh6 Rc3 44. Rh7+ Bg7 45. Bb5 Rc2+ 46. Kb3 Rd2 47. f5 Kg8 0-1

[Event "EU-Cup 13th Group7"]
[Site "Krynica"]
[Date "1997.09.16"]
[Round "2"]
[White "Chernov, Vadim A"]
[Black "Raud, Rainer"]
[Result "1/2-1/2"]
[WhiteElo "2450"]
[BlackElo "2395"]
[PlyCount "33"]
[EventDate "1997.09.15"]
[EventType "team-k.o."]
[EventRounds "3"]
[EventCountry "POL"]
[SourceTitle "EXT 2020"]
[Source "ChessBase"]
[SourceDate "2019.10.17"]
[SourceVersion "1"]
[SourceVersionDate "2019.10.17"]
[SourceQuality "1"]
[WhiteTeam "Chisinau Rezina-Gaz"]
[BlackTeam "Tallinn Reval Sport"]
[WhiteTeamCountry "MDA"]
[BlackTeamCountry "EST"]

1. e4 c6 2. d4 d5 3. Nc3 dxe4 4. Nxe4 Nf6 5. Nxf6+ exf6 6. Ne2 Bd6 7. Ng3 0-0 8. Be3 Re8 9. Qf3 Qa5+ 10. c3 Ba3 11. b4 Bxb4 12. cxb4 Qxb4+ 13. Kd1 Qa4+ 14. Kd2 Qb4+ 15. Kc2 Qa4+ 16. Kd2 Qb4+ 17. Kc2 1/2-1/2

[Event "EU-Cup 12th Group6"]
[Site "St Petersburg"]
[Date "1996.10.06"]
[Round "1"]
[White "Raud, Rainer"]
[Black "Renman, Nils Gustaf"]
[Result "0-1"]
[WhiteElo "2385"]
[BlackElo "2375"]
[PlyCount "102"]
[EventDate "1996.10.06"]
[EventType "team-k.o."]
[EventRounds "3"]
[EventCountry "RUS"]
[SourceTitle "EXT 2020"]
[Source "ChessBase"]
[SourceDate "2019.10.17"]
[SourceVersion "1"]
[SourceVersionDate "2019.10.17"]
[SourceQuality "1"]
[WhiteTeam "Tallinn Reval Sport"]
[BlackTeam "Norrkoping Schack 08"]
[WhiteTeamCountry "EST"]
[BlackTeamCountry "SWE"]

1. g3 d5 2. Bg2 c6 3. Nf3 Bg4 4. d3 Nd7 5. Nbd2 Ngf6 6. h3 Bh5 7. 0-0 e5 8. Nh4 g5 9. Nf5 Bg6 10. e4 Bxf5 11. exf5 Qc7 12. a4 0-0-0 13. a5 a6 14. Qe2 Kb8 15. Nb3 h6 16. Be3 Bd6 17. c4 d4 18. Bc1 Rhe8 19. Qc2 Ka7 20. Nd2 Bb4 21. Ra4 Bxd2 22. Bxd2 Nc5 23. Ra3 e4 24. dxe4 Ncxe4 25. Bc1 Qe5 26. b4 Qxf5 27. Rd3 c5 28. Bb2 Ka8 29. Rfd1 Rd7 30. Rf3 Qe5 31. b5 Re6 32. bxa6 Rxa6 33. Qa4 Qc7 34. Rf5 Qxa5 35. Qc2 Qa4 36. Qd3 Re7 37. Ra1 Qc6 38. Rb1 Qe6 39. g4 Kb8 40. Bc1 Rb6 41. Ra1 Nd6 42. Qg3 Rc7 43. Re5 Qxc4 44. h4 Rb3 45. f3 Qc3 46. hxg5 Qxa1 47. gxf6 Qxc1+ 48. Re1 Qd2 49. Re7 Rxe7 50. Qxd6+ Rc7 51. Qd8+ Rc8 0-1

[Event "Rilton Cup 26th"]
[Site "Stockholm"]
[Date "1996.??.??"]
[Round "1"]
[White "Raud, Rainer"]
[Black "Evertsson, Kristian"]
[Result "1-0"]
[WhiteElo "2365"]
[BlackElo "2020"]
[PlyCount "59"]
[EventDate "1996.12.??"]
[EventType "swiss"]
[EventRounds "9"]
[EventCountry "SWE"]
[SourceTitle "CBM 057 Extra"]
[Source "ChessBase"]
[SourceDate "1997.05.01"]
[SourceVersion "1"]
[SourceVersionDate "1997.05.01"]
[SourceQuality "1"]

1. g3 h5 2. Nf3 Nc6 3. d4 d5 4. Bg2 Bf5 5. c4 e6 6. 0-0 Be7 7. Nc3 h4 8. Bf4 g5 9. Be3 g4 10. Ne5 Nxe5 11. dxe5 c6 12. Qb3 b6 13. Rfd1 hxg3 14. hxg3 Rb8 15. cxd5 cxd5 16. Nb5 Rb7 17. Rac1 Kf8 18. Bf4 Rd7 19. Nd6 Bxd6 20. exd6 f6 21. Rc7 e5 22. Rdc1 Qe8 23. Bd2 Be6 24. Rxd7 Qxd7 25. Rc7 Qe8 26. d7 Bxd7 27. Qxd5 Ke7 28. Bb4+ Kd8 29. Rxa7 Ne7 30. Qd6 1-0

[Event "Berliner Sommer 14th"]
[Site "Berlin"]
[Date "1996.??.??"]
[Round "5"]
[White "Raud, Rainer"]
[Black "Minasian, Artashes"]
[Result "1-0"]
[WhiteElo "2365"]
[BlackElo "2540"]
[PlyCount "77"]
[EventDate "1996.08.??"]
[EventType "swiss"]
[EventRounds "9"]
[EventCountry "GER"]
[SourceTitle "CBM 054 Extra"]
[Source "ChessBase"]
[SourceDate "1996.11.01"]
[SourceVersion "1"]
[SourceVersionDate "1996.11.01"]
[SourceQuality "1"]

1. e4 b6 2. d4 Bb7 3. Bd3 Nf6 4. Qe2 e6 5. Nf3 c5 6. 0-0 cxd4 7. Nxd4 d6 8. f4 Be7 9. Nc3 0-0 10. Kh1 Nfd7 11. Rf3 Bf6 12. e5 Bxf3 13. Nxf3 d5 14. exf6 Nxf6 15. Ne5 Nbd7 16. b3 Nc5 17. Ba3 Qc8 18. Nb5 Rd8 19. Nd4 Nxd3 20. cxd3 Re8 21. Bb2 Qc5 22. a3 Qd6 23. Rf1 Rac8 24. Rf3 Re7 25. b4 a6 26. h3 Ne8 27. Re3 f6 28. Nef3 Nc7 29. Nf5 exf5 30. Rxe7 Qxf4 31. Nd4 Kh8 32. Nxf5 Rg8 33. Nd4 Qd6 34. Kg1 a5 35. bxa5 bxa5 36. Nf5 Qf4 37. Qf2 Qxf2+ 38. Kxf2 Rb8 39. Bxf6 1-0

[Event "Rilton Cup 26th"]
[Site "Stockholm"]
[Date "1996.??.??"]
[Round "9"]
[White "Raud, Rainer"]
[Black "Taimanov, Mark E"]
[Result "0-1"]
[WhiteElo "2365"]
[BlackElo "2470"]
[PlyCount "90"]
[EventDate "1996.12.??"]
[EventType "swiss"]
[EventRounds "9"]
[EventCountry "SWE"]
[SourceTitle "CBM 057 Extra"]
[Source "ChessBase"]
[SourceDate "1997.05.01"]
[SourceVersion "1"]
[SourceVersionDate "1997.05.01"]
[SourceQuality "1"]

1. g3 d5 2. Bg2 c6 3. Nf3 Bg4 4. d3 Nd7 5. h3 Bxf3 6. Bxf3 g6 7. Bg2 Bg7 8. 0-0 Ngf6 9. c4 0-0 10. Be3 Ne8 11. a4 dxc4 12. dxc4 Nd6 13. Bd4 Bxd4 14. Qxd4 Qb6 15. Qc3 a5 16. Nd2 Qb4 17. Rfc1 Nc5 18. b3 Qxc3 19. Rxc3 Rfd8 20. g4 e5 21. Ra2 f6 22. h4 h6 23. f3 Rd7 24. Kf2 Rad8 25. Nf1 Ne8 26. Re3 Ng7 27. Rb2 Nge6 28. Rc2 Rd1 29. Bh3 Kf7 30. g5 hxg5 31. Bxe6+ Nxe6 32. hxg5 Nxg5 33. c5 R8d4 34. Rec3 Nh3+ 35. Kg2 Nf4+ 36. Kf2 Nd5 37. Rc4 Rxc4 38. Rxc4 Rxf1+ 39. Kxf1 Ne3+ 40. Kf2 Nxc4 41. bxc4 f5 42. e3 Kf6 43. Kg3 Kg5 44. Kh3 f4 45. e4 Kh5 0-1

[Event "Rilton Cup 26th"]
[Site "Stockholm"]
[Date "1996.??.??"]
[Round "6"]
[White "Tisdall, Jonathan D"]
[Black "Raud, Rainer"]
[Result "1/2-1/2"]
[WhiteElo "2515"]
[BlackElo "2365"]
[PlyCount "85"]
[EventDate "1996.12.??"]
[EventType "swiss"]
[EventRounds "9"]
[EventCountry "SWE"]
[SourceTitle "CBM 057 Extra"]
[Source "ChessBase"]
[SourceDate "1997.05.01"]
[SourceVersion "1"]
[SourceVersionDate "1997.05.01"]
[SourceQuality "1"]

1. d4 c5 2. d5 e5 3. c4 d6 4. Nc3 Be7 5. e4 Bg5 6. Bxg5 Qxg5 7. Qa4+ Kf8 8. Nf3 Qe7 9. g3 g6 10. Bg2 Kg7 11. 0-0 Nd7 12. Rae1 h5 13. Qc2 Nh6 14. Qd2 Nf8 15. a3 Bg4 16. b4 b6 17. bxc5 bxc5 18. Rb1 Bxf3 19. Bxf3 h4 20. Rb3 Nh7 21. Bg2 hxg3 22. hxg3 Rab8 23. Rfb1 Rxb3 24. Rxb3 Rd8 25. Nd1 Ng4 26. Bf3 Ngf6 27. Nc3 Rd7 28. Bg2 Rb7 29. Qb2 Rxb3 30. Qxb3 Ng4 31. Bf3 Nh6 32. Qb8 Ng5 33. Be2 Qd7 34. Qb5 Qh3 35. Qc6 Ng4 36. Bxg4 Qxg4 37. Qxd6 Qf3 38. Qxe5+ f6 39. Qe7+ Kg8 40. Qe8+ Kg7 41. Qe7+ Kg8 42. Qd8+ Kg7 43. Qe7+ 1/2-1/2